000 00939nam a2200265Ia 4500
003 OSt
005 20220923211120.0
006 a|||||r|||| 00| 0
007 ta
008 220922b |||||||| |||| 00| 0 urd d
020 _a8181435680 (hbk)
_c125
024 _a241,036
037 _b511, 08/03/2010, Vani Prakashan
_cTextual
040 _aARTS
_cARTS
_burd
041 _2urd
_aurd
082 _aO168,1M96:g, 152P6
100 _aगोरखपुरी, फ़िराक़
_9158392
245 0 _aउर्दू ग़ज़लगोई
246 _aUrdū ग़ज़lagoī
260 _aनई दिल्ली
_b वाणी प्रकाशन
_c2006
300 _a75पृ0
_ccm.
650 _aउर्दू साहित्य
_9158393
942 _hO168,1M96:g, 152P6
_cTEXL
_2CC
999 _c295486
_d295486